<?xml version="1.0" encoding="UTF-8"?>
<record
    xmlns:xsi="http://www.w3.org/2001/XMLSchema-instance"
    xsi:schemaLocation="http://www.loc.gov/MARC21/slim http://www.loc.gov/standards/marcxml/schema/MARC21slim.xsd"
    xmlns="http://www.loc.gov/MARC21/slim">

  <leader>02321    a2200289   4500</leader>
  <controlfield tag="001">2162214035926770</controlfield>
  <controlfield tag="003">UA-OsUOA</controlfield>
  <controlfield tag="005">20260430124136.0</controlfield>
  <controlfield tag="008">260430b        hu ||||| |||| 00| f hun d</controlfield>
  <datafield tag="020" ind1=" " ind2=" ">
    <subfield code="a">9630724545</subfield>
  </datafield>
  <datafield tag="040" ind1=" " ind2=" ">
    <subfield code="a">UA-OsUOA</subfield>
    <subfield code="b">hun</subfield>
    <subfield code="c">UA-OsUOA</subfield>
    <subfield code="d">UA-OsUOA</subfield>
  </datafield>
  <datafield tag="041" ind1=" " ind2=" ">
    <subfield code="a">hun</subfield>
  </datafield>
  <datafield tag="080" ind1=" " ind2=" ">
    <subfield code="a">821.511.141(477)</subfield>
  </datafield>
  <datafield tag="090" ind1=" " ind2=" ">
    <subfield code="a">821.511.141(477)</subfield>
    <subfield code="b">S51</subfield>
  </datafield>
  <datafield tag="100" ind1=" " ind2=" ">
    <subfield code="a">Sevcsuk V.</subfield>
    <subfield code="9">25143</subfield>
  </datafield>
  <datafield tag="245" ind1=" " ind2=" ">
    <subfield code="a">Hajnali &#x200B;kakassz&#xF3;. Galambok a harangtorony t&#xF6;v&#xE9;ben</subfield>
    <subfield code="b">k&#xE9;t kisreg&#xE9;ny</subfield>
    <subfield code="c">Valerij Sevcsuk ; Ford&#xED;totta: Misley P&#xE1;l, Sz&#xE9;pe Borb&#xE1;la</subfield>
  </datafield>
  <datafield tag="260" ind1=" " ind2=" ">
    <subfield code="a">Budapest</subfield>
    <subfield code="b">Eur&#xF3;pa K&#xF6;nyvkiad&#xF3;</subfield>
    <subfield code="c">1981</subfield>
  </datafield>
  <datafield tag="300" ind1=" " ind2=" ">
    <subfield code="a">338 ol.</subfield>
  </datafield>
  <datafield tag="490" ind1=" " ind2=" ">
    <subfield code="a">Eur&#xF3;pa Modern K&#xF6;nyvt&#xE1;r</subfield>
    <subfield code="v">446</subfield>
  </datafield>
  <datafield tag="520" ind1=" " ind2=" ">
    <subfield code="a">Valerij Sevcsuk ukr&#xE1;n &#xED;r&#xF3;nak ez az els&#x151; &#xF6;n&#xE1;ll&#xF3; magyar nyelv&#x171; k&#xF6;tete. 1968-ban az Ukr&#xE1;n elbesz&#xE9;l&#x151;k-ben mutatkozott be a magyar olvas&#xF3;knak, kisreg&#xE9;ny&#xE9;t, a Rakpart 12-t az Ismer&#x151;s&#xF6;m, az oroszl&#xE1;n c&#xED;m&#x171; v&#xE1;logat&#xE1;sban olvashattuk 1977-ben: eredeti hangja, biztos st&#xED;lus- &#xE9;s forma&#xE9;rz&#xE9;ke mindj&#xE1;rt felkeltette &#xE9;rdekl&#x151;d&#xE9;s&#xFC;nket.
A k&#xF6;tet c&#xED;mad&#xF3; kisreg&#xE9;ny&#xE9;nek cselekm&#xE9;nye egy vid&#xE9;ki kisv&#xE1;rosban j&#xE1;tsz&#xF3;dik, h&#x151;sei &#x151;szinte emberi kapcsolatokra v&#xE1;gynak, nem tal&#xE1;lj&#xE1;k a hely&#xFC;ket a vil&#xE1;gban. A maguk m&#xF3;dj&#xE1;n l&#xE1;zadnak a konvenci&#xF3;k, k&#xF6;t&#xF6;tts&#xE9;gek, a sz&#xFC;rke h&#xE9;tk&#xF6;znapok ellen. R&#xE1;d&#xF6;bbennek arra, hogy boldogul&#xE1;suk&#xE9;rt maguknak kell megk&#xFC;zdeni&#xFC;k, s mindenekel&#x151;tt le kell sz&#xE1;molniuk az ill&#xFA;zi&#xF3;kkal. A Galambok a harangtorony t&#xF6;v&#xE9;ben c&#xED;m&#x171; kisreg&#xE9;ny n&#xE9;gy p&#xE1;lyakezd&#x151; fiatalemberr&#x151;l sz&#xF3;l. Sevcsuk kiv&#xE9;teles &#x151;szintes&#xE9;ggel vall az emberi kapcsolatok sokf&#xE9;les&#xE9;g&#xE9;r&#x151;l. A finom ir&#xF3;ni&#xE1;val &#xE1;tsz&#x151;tt t&#xF6;rt&#xE9;netben a sorsok k&#xFC;l&#xF6;nb&#xF6;znek, de l&#xE9;nyeg&#xFC;kben m&#xE9;gis hasonl&#xED;tanak egym&#xE1;sra: a reg&#xE9;ny h&#x151;sei m&#xE9;lt&#xF3;bb &#xE9;letre v&#xE1;gynak, s a legkisebb siker&#xE9;rt is kem&#xE9;nyen megk&#xFC;zdenek &#xF6;nmagukkal, eml&#xE9;keikkel, k&#xF6;rnyezet&#xFC;kkel. K&#xFC;zdelm&#xFC;k, elsz&#xE1;nts&#xE1;guk, emberi gyarl&#xF3;s&#xE1;gaik hiteles l&#xE9;lektani &#xE1;br&#xE1;zol&#xE1;sa ez&#xE9;rt ny&#xFA;jt t&#xF6;bbet a csup&#xE1;n eszt&#xE9;tikai &#xE9;lvezetn&#xE9;l.</subfield>
  </datafield>
  <datafield tag="650" ind1=" " ind2=" ">
    <subfield code="a">821 &#x425;&#x443;&#x434;&#x43E;&#x436;&#x43D;&#x44F; &#x43B;&#x456;&#x442;&#x435;&#x440;&#x430;&#x442;&#x443;&#x440;&#x430; &#x43E;&#x43A;&#x440;&#x435;&#x43C;&#x438;&#x43C;&#x438; &#x43C;&#x43E;&#x432;&#x430;&#x43C;&#x438; &#x456; &#x43C;&#x43E;&#x432;&#x43D;&#x438;&#x43C;&#x438; &#x441;&#x456;&#x43C;'&#x44F;&#x43C;&#x438;</subfield>
    <subfield code="9">17</subfield>
  </datafield>
  <datafield tag="700" ind1="1" ind2=" ">
    <subfield code="a">P&#xE1;l M.</subfield>
    <subfield code="9">25146</subfield>
  </datafield>
  <datafield tag="700" ind1="1" ind2=" ">
    <subfield code="a">Borb&#xE1;la S.</subfield>
    <subfield code="9">25147</subfield>
  </datafield>
  <datafield tag="942" ind1=" " ind2=" ">
    <subfield code="c">BK</subfield>
    <subfield code="2">udc</subfield>
  </datafield>
  <datafield tag="955" ind1=" " ind2=" ">
    <subfield code="a">3</subfield>
  </datafield>
  <datafield tag="999" ind1=" " ind2=" ">
    <subfield code="c">580626</subfield>
    <subfield code="d">580626</subfield>
  </datafield>
  <datafield tag="952" ind1=" " ind2=" ">
    <subfield code="0">0</subfield>
    <subfield code="1">0</subfield>
    <subfield code="2">udc</subfield>
    <subfield code="4">0</subfield>
    <subfield code="7">0</subfield>
    <subfield code="8">C_Shevchuk_V.</subfield>
    <subfield code="a">101</subfield>
    <subfield code="b">101</subfield>
    <subfield code="d">2026-04-28</subfield>
    <subfield code="e">&#x410;&#x43A;&#x442; &#x2116;24/28.04.2026</subfield>
    <subfield code="g">25.00</subfield>
    <subfield code="i">169889</subfield>
    <subfield code="l">0</subfield>
    <subfield code="o">821.511.141(477) S51</subfield>
    <subfield code="p">169889</subfield>
    <subfield code="r">2026-04-30 12:40:21</subfield>
    <subfield code="v">25.00</subfield>
    <subfield code="w">2026-04-30</subfield>
    <subfield code="y">BK</subfield>
  </datafield>
</record>
